[Event "Paracin Open 2020"]
[Site "Paracin"]
[Date "2020.07.08"]
[Round "7.1"]
[White "Basso, Pier Luigi"]
[Black "Ratkovic, Milovan"]
[Result "1-0"]
[WhiteElo "2596"]
[BlackElo "2435"]
[Annotator "RC"]
[PlyCount "189"]
[EventDate "2020.07.03"]
[EventType "swiss"]
[EventCountry "SRB"]
[SourceTitle "playchess.com"]
[Source "ChessBase"]
[SourceQuality "1"]
[TimeControl "5400+30"]

1. d4 {[%emt 0:01:14]} d5 {[%emt 0:00:31]} 2. c4 {[%emt 0:01:23]} dxc4 {[%emt 0:00:12]} 3. Nf3 {[%emt 0:00:07]} a6 {[%emt 0:00:13]} 4. e3 {[%emt 0:00:57]} Bg4 {[%emt 0:00:11]} 5. h3 {[%emt 0:00:22]} Bh5 {[%emt 0:00:43]} 6. Nc3 {[%emt 0:00:30]} e6 {[%emt 0:04:09]} 7. g4 {[%emt 0:00:17]} Bg6 {[%emt 0:00:07]} 8. Ne5 {[%emt 0:00:06]} Nd7 {[%emt 0:01:14]} 9. Nxg6 {[%emt 0:00:06]} hxg6 {[%emt 0:00:05]} 10. Bxc4 {[%emt 0:00:05]} Ngf6 {[%emt 0:06:39]} 11. Bf1 {[%emt 0:01:39]} c6 {[%emt 0:01:40]} 12. Bg2 {[%emt 0:00:10]} Bd6 {[%emt 0:02:24]} 13. O-O {[%emt 0:03:15]} Nd5 {[%emt 0:14:50]} 14. e4 {[%emt 0:12:15]} Nf4 {[%emt 0:07:31]} 15. Bxf4 {[%emt 0:06:14]} Bxf4 {[%emt 0:01:19]} 16. d5 {[%emt 0:10:20]} Qe7 {[%emt 0:06:27]} 17. dxc6 {[%emt 0:01:40]} bxc6 {[%emt 0:00:28]} 18. e5 {[%emt 0:00:26]} Bxe5 {[%emt 0:03:06]} 19. Bxc6 {[%emt 0:04:20]} Rd8 {[%emt 0:05:41]} 20. Qe2 {[%emt 0:07:57]} Bxc3 {[%emt 0:07:14]} 21. bxc3 {[%emt 0:00:07]} O-O {[%emt 0:01:28]} 22. Bxd7 {[%emt 0:00:40]} Rxd7 {[%emt 0:01:57]} 23. Rfd1 {[%emt 0:04:29]} Rc7 {[%emt 0:07:19]} 24. Qxa6 {[%emt 0:06:30]} Rxc3 {[%emt 0:00:14]} 25. Rd3 {[%emt 0:00:11]} Rc2 {[%emt 0:01:07]} 26. Rad1 {[%emt 0:02:36]} Qc5 {[%emt 0:08:41]} 27. Rf3 {[%emt 0:00:53]} e5 {[%emt 0:02:28]} 28. Qa3 {[%emt 0:05:43]} Qc4 {[%emt 0:08:36]} 29. Qe7 {[%emt 0:06:55]} Rc1 {[%emt 0:05:51]} 30. Rxc1 {[%emt 0:00:13]} Qxc1+ {[%emt 0:00:06]} 31. Kg2 {[%emt 0:00:10]} Qc4 {[%emt 0:01:54]} 32. a3 {[%emt 0:02:56]} e4 {[%emt 0:00:57]} 33. Re3 {[%emt 0:00:55]} f5 {[%emt 0:00:18]} 34. Qe5 {[%emt 0:03:15]} Qf7 {[%emt 0:00:37]} 35. gxf5 {[%emt 0:03:55]} gxf5 {[%emt 0:00:05]} 36. Qf4 {[%emt 0:00:24]} Qf6 {[%emt 0:01:03]} 37. Rg3 {[%emt 0:00:08]} Ra8 {[%emt 0:00:30]} 38. Rg5 {[%emt 0:01:13]} Rf8 {[%emt 0:00:33]} 39. h4 {[%emt 0:00:25]} Qc6 {[%emt 0:00:27]} 40. Kh2 {[%emt 0:00:44]} Qc5 {[%emt 0:00:33]} 41. a4 {[%emt 0:00:54]} Qa7 {[%emt 0:00:26]} 42. h5 {[%emt 0:01:29]} Rf6 {[%emt 0:00:07]} 43. Rg6 {[%emt 0:03:07]} Qf7 {[%emt 0:00:50]} 44. Qg5 {[%emt 0:01:02]} Re6 {[%emt 0:00:38]} 45. Rxe6 {[%emt 0:01:08]} Qxe6 {[%emt 0:00:01]} 46. h6 {[%emt 0:00:26]} Qd6+ {[%emt 0:00:16]} 47. Kg2 {[%emt 0:00:20]} g6 {[%emt 0:00:04]} 48. Qe3 {[%emt 0:02:51]} Kh7 {[%emt 0:00:35]} 49. a5 {[%emt 0:00:37]} f4 {[%emt 0:00:52]} 50. Qxe4 {[%emt 0:00:34]} Kxh6 {[%emt 0:00:05]} 51. Qf3 {[%emt 0:00:23]} Kg5 {[%emt 0:00:56]} 52. Qb7 {[%emt 0:00:31]} Qe6 {[%emt 0:01:11]} 53. Qf3 {[%emt 0:00:38]} Qd6 {[%emt 0:00:21]} 54. Qe4 {[%emt 0:00:06]} Kf6 {[%emt 0:00:30]} 55. Qb7 {[%emt 0:00:21]} Qd1 {[%emt 0:00:32]} 56. Qf3 {[%emt 0:02:10]} Qd6 {[%emt 0:00:13]} 57. Qb3 {[%emt 0:01:23]} Qc6+ {[%emt 0:00:26]} 58. Kh2 {[%emt 0:00:01]} Ke5 {[%emt 0:00:46]} 59. Qb6 {[%emt 0:01:21]} Qf3 {[%emt 0:00:30]} 60. Qc5+ {[%emt 0:00:05]} Kf6 {[%emt 0:00:32]} 61. a6 {[%emt 0:00:10]} g5 {[%emt 0:00:13]} 62. Qd4+ {[%emt 0:00:44]} Kg6 {[%emt 0:00:56]} 63. a7 {[%emt 0:00:14]} Qh5+ {[%emt 0:00:12]} 64. Kg1 {[%emt 0:00:09]} Qg4+ {[%emt 0:00:05]} 65. Kf1 {[%emt 0:00:26]} Qh3+ {[%emt 0:00:06]} 66. Ke2 {[%emt 0:00:32]} Qe6+ {[%emt 0:00:16]} 67. Kd2 {[%emt 0:01:58]} Qa2+ {[%emt 0:00:19]} 68. Kd1 {[%emt 0:00:34]} Qb1+ {[%emt 0:00:12]} 69. Ke2 {[%emt 0:00:33]} Qa2+ {[%emt 0:00:45]} 70. Kf3 {[%emt 0:00:44]} Qb3+ {[%emt 0:00:32]} 71. Kg2 {[%emt 0:00:17]} Qb7+ {[%emt 0:02:02]} 72. f3 {[%emt 0:01:24]} Kf7 {[%emt 0:00:24]} 73. Qe4 {[%emt 0:01:06]} Qb2+ {[%emt 0:00:23]} 74. Kh3 {[%emt 0:00:10]} g4+ {[%emt 0:00:24]} 75. Kxg4 {[%emt 0:00:15]} Qg2+ {[%emt 0:00:27]} 76. Kxf4 {[%emt 0:00:29]} Qh2+ {[%emt 0:00:25]} 77. Ke3 {[%emt 0:00:11]} Qg1+ {[%emt 0:00:10]} 78. Kd3 {[%emt 0:00:09]} Qb1+ {[%emt 0:00:19]} 79. Kc4 {[%emt 0:00:07]} Qa2+ {[%emt 0:00:27]} 80. Kb5 {[%emt 0:00:06]} Qb3+ {[%emt 0:00:16]} 81. Kc6 {[%emt 0:00:11]} Qc3+ {[%emt 0:01:23]} 82. Kd7 {[%emt 0:00:12]} Qd2+ {[%emt 0:00:42]} 83. Kc8 {[%emt 0:01:09]} Qc3+ {[%emt 0:00:24]} 84. Kb8 {[%emt 0:00:07]} Qh8+ {[%emt 0:00:08]} 85. Kb7 {[%emt 0:00:28]} Qb2+ {[%emt 0:00:06]} 86. Kc6 {[%emt 0:00:41]} Qc3+ {[%emt 0:00:47]} 87. Kb5 {[%emt 0:00:05]} Qb3+ {[%emt 0:00:23]} 88. Qb4 {[%emt 0:00:11]} Qd5+ {[%emt 0:01:08]} 89. Qc5 {[%emt 0:00:10]} Qb3+ {[%emt 0:00:45]} 90. Ka6 {[%emt 0:00:14]} Qa2+ {[%emt 0:00:31]} 91. Kb7 {[%emt 0:00:15]} Qb3+ {[%emt 0:00:09]} 92. Kc7 {[%emt 0:02:48]} Qxf3 {[%emt 0:00:50]} 93. Qc6 {[%emt 0:00:13]} Qg3+ {[%emt 0:00:27]} 94. Kc8 {[%emt 0:00:10]} Qg8+ {[%emt 0:00:34]} 95. Kb7 {[%emt 0:00:06]} 1-0

[Event "Paracin Open 2020"]
[Site "Paracin"]
[Date "2020.07.08"]
[Round "7.2"]
[White "Ratkovic, Miloje"]
[Black "Mendonca, Leon Luke"]
[Result "0-1"]
[WhiteElo "2456"]
[BlackElo "2452"]
[Annotator "TA"]
[PlyCount "100"]
[EventDate "2020.07.03"]
[EventType "swiss"]
[EventCountry "SRB"]
[SourceTitle "playchess.com"]
[Source "ChessBase"]
[SourceQuality "1"]

{[%evp 18,100,-33,-111,-10,-12,-16,-2,0,-19,0,-6,14,0,28,-21,-8,0,36,35,33,0,0,-60,-29,-31,-30,-22,-35,-157,-23,-133,-131,-93,-99,-215,-63,-51,-58,-87,-78,-76,-29,-234,-239,-277,-272,-268,-252,-562,-566,-569,-369,-304,0,-527,-520,-593,-580,-442,0,-589,-582,-541,-483,-795,-775,-930,-919,-917,-895,-810,-693,-733,-550,-640,-632,-2087,-1735,-29982,-29980,-29986,-29987,-29987,-29988]} 1. d4 Nf6 2. Nf3 e6 3. c4 d5 4. Nc3 c6 5. Bg5 h6 6. Bh4 dxc4 7. e4 g5 8. Bg3 b5 9. e5 Nd5 10. Be2 (10. Nd2 $15) 10... Bb7 {D44: Semi-Slav: Botvinnik System.} (10... Bb4 $17 11. Rc1 Qa5) 11. O-O $11 Nxc3 12. bxc3 c5 {The position is equal.} 13. a4 a6 14. Qb1 h5 15. axb5 h4 {[#]} 16. bxa6 $146 ({Predecessor:} 16. Bxc4 hxg3 17. fxg3 cxd4 18. bxa6 Bc6 19. Nxd4 Bc5 20. Qd3 Bd5 21. Kh1 Bxc4 22. Qxc4 {1-0 (65) Nakamura,H (2787)-Gelfand,B (2695) Moscow 2018}) 16... Bd5 $1 17. Qb5+ Nc6 (17... Bc6 $5 {[%cal Rc6b5]} 18. Qxc4 hxg3 19. fxg3 Nd7 $11) 18. Bxc4 {Black must now prevent Nxg5.} hxg3 19. Bxd5 Qxd5 20. fxg3 (20. hxg3 $11 g4 21. c4) 20... Be7 {[%cal Rc5d4]} (20... cxd4 $5 {[%cal Rd5b5]} 21. c4 Qd7 $11) 21. c4 Qd7 22. d5 ({Reject} 22. dxc5 Rb8 $17) 22... exd5 23. cxd5 {[#]} ({White should try} 23. Qb7 $1 $15 Ra7 24. Qxd7+ Kxd7 25. cxd5) 23... Nb4 ({Black should play} 23... Nxe5 $1 $17 24. Qxd7+ Nxd7) 24. Qxd7+ (24. Qb7 $1 $11 {was the only way to keep the balance.} Rxa6 25. Qb8+ Bd8 26. Rxa6 Nxa6 27. Qb3) 24... Kxd7 $17 25. d6 Bd8 26. Nd2 (26. a7 $17 {was called for.}) 26... Ke6 $2 (26... Rxa6 $19 27. Rae1 (27. Rxf7+ $2 Ke6 $19 {[%mdl 64] Double Attack}) 27... Ke6) 27. a7 $15 Kxe5 28. Rxf7 Kxd6 29. Ne4+ Kc6 30. Rc1 $2 {[#]} (30. Rd1 $11 {and White has nothing to worry.}) 30... Nd3 $1 $19 {[%cal Rd3c1]} 31. Rc3 Re8 {...c4 is the strong threat.} 32. Rxd3 {Strongly threatening Rd6+.} Rxe4 33. Kf1 $2 (33. Rf8 {was the crucial defense.} Rd4 34. Rxd4 cxd4 35. h4) 33... Be7 34. Ra3 Kb6 35. Rb3+ Kc6 $2 (35... Kxa7 36. Kf2 Rf8 37. Rxf8 Bxf8 38. Ra3+ Kb7) 36. Ra3 c4 37. Ra2 Kb6 38. Rb2+ Kc6 39. Ra2 c3 40. h4 gxh4 41. gxh4 (41. Rc2 $142 Rxa7 42. Rxc3+ Kd5 43. Kf2) 41... Bxh4 {[%csl Gh4][%cal Re4e1]} 42. Re2 Rc4 43. Rc2 Bg5 44. Ke2 Rc5 45. Kd3 Rd8+ 46. Ke4 Bd2 47. Ra2 c2 48. a8=Q+ Rxa8 {Black mates.} 49. Rxa8 c1=Q 50. Rc8+ Kd6 {Accuracy: White = 43%, Black = 69%.} 0-1

[Event "Paracin Open 2020"]
[Site "Paracin"]
[Date "2020.07.08"]
[Round "7.3"]
[White "Krasteva, Beloslava"]
[Black "Ernst, Sipke"]
[Result "0-1"]
[WhiteElo "2246"]
[BlackElo "2540"]
[Annotator "TA"]
[PlyCount "90"]
[EventDate "2020.07.03"]
[EventType "swiss"]
[EventCountry "SRB"]
[SourceTitle "playchess.com"]
[Source "ChessBase"]
[SourceQuality "1"]

{[%evp 21,90,14,19,10,17,0,0,-7,0,0,0,0,0,-51,-31,-108,-95,-103,-97,-135,-125,-125,-121,-129,-130,-129,-129,-129,-120,-160,-133,-131,-115,-115,-115,-109,-102,-93,-97,-114,-62,-79,-31,-204,-203,-224,-175,-172,-108,-287,-287,-339,-335,-387,-400,-392,-370,-354,-324,-452,-457,-1292,-1278,-10222,-6419,-5501,-5489,-12837,-12837,-12831,-12830]} 1. d4 d5 2. c4 dxc4 3. e3 Nf6 4. Bxc4 e6 5. Nf3 c5 6. O-O Nc6 7. Qe2 cxd4 8. Rd1 Be7 9. exd4 O-O 10. Nc3 Na5 11. Bd3 b6 12. Ne5 {D26: Queen's Gambit Accepted: 4 e3 e6 5 Bxc5 c5 sidelines.} Bb7 13. Be3 Rc8 14. Rac1 {The position is equal.} Nd5 15. Qh5 {[%csl Gd3][%cal Rh5h7]} g6 16. Qh3 {[#]} Nxe3 $146 ({Predecessor:} 16... Nc6 17. Bh6 Bg5 18. Bxg5 Qxg5 19. Ne4 Qe7 20. Bb5 Nxe5 21. dxe5 Nf4 22. Qe3 Bxe4 23. Qxf4 {½-½ (59) Yankelevich,L (2404)-Haag,G (2263) Germany 2016}) 17. fxe3 (17. Qxe3 $11 Bg5 18. f4) 17... Bf6 18. b4 (18. Qg3 $15) 18... Nc6 $1 $17 {[%cal Rc6e5]} 19. Nxc6 Rxc6 ({Much weaker is} 19... Bxc6 20. Ba6 $15) 20. Ne4 Bg7 21. Rxc6 Bxc6 22. b5 Bd5 23. Nc3 Bb7 24. Qg3 Qe7 25. Be4 Rc8 26. Bxb7 Rxc3 27. Bc6 Bf6 28. Rf1 Kg7 {Threatens to win with ...Bxd4!} 29. Qe1 Ra3 30. Qd2 h5 (30... Bg5 $17 31. Re1 e5) 31. e4 a5 {...Bg5 is the strong threat.} 32. Rf3 $2 ({White should play} 32. bxa6 $1 $15 Rxa6 33. Qf2) 32... Bg5 $19 33. Qf2 Rxf3 34. gxf3 Bf4 ({Black should try} 34... Qa3 $19 {White must now prevent ...Be3.} 35. f4 Qc1+ {[%mdl 64] Double Attack} 36. Qf1 Qe3+ 37. Qf2 Bxf4 38. Qxe3 Bxe3+ 39. Kg2 Bxd4) 35. Qb2 $2 {[#]} (35. d5 $17 {might work better.}) 35... Be3+ $1 36. Kf1 {[#]} Qf6 $1 {[%csl LRd4,LRf3][%cal Rf6f3][%mdl 64] Double Attack} 37. e5 Qg5 {And now ...Qg1+ would win.} 38. Qg2 {intending Qxg5.} Qf4 39. d5 Qxe5 {Strongly threatening ...Qa1+.} 40. Qe2 exd5 {Black is clearly winning.} 41. Bxd5 (41. a4 $142) 41... Qxd5 42. Qxe3 Qxb5+ 43. Kg2 Qb2+ 44. Kh3 Qxa2 45. Qe5+ Kh7 {Accuracy: White = 51%, Black = 86%.} 0-1

[Event "Paracin Open 2020"]
[Site "Paracin"]
[Date "2020.07.08"]
[Round "7.4"]
[White "Todorovic, Nenad I"]
[Black "Cabarkapa, Novak"]
[Result "1-0"]
[WhiteElo "2295"]
[BlackElo "2459"]
[Annotator "RC"]
[PlyCount "61"]
[EventDate "2020.07.03"]
[EventType "swiss"]
[EventCountry "SRB"]
[SourceTitle "playchess.com"]
[Source "ChessBase"]
[SourceQuality "1"]
[TimeControl "5400+30"]

1. e4 {[%emt 0:00:00]} d5 {[%emt 0:00:00]} 2. exd5 {[%emt 0:00:00]} Qxd5 {[%emt 0:00:02]} 3. Nc3 {[%emt 0:00:00]} Qd8 {[%emt 0:00:41]} 4. d4 {[%emt 0:00:46]} Nf6 {[%emt 0:00:06]} 5. Nf3 {[%emt 0:03:58]} g6 {[%emt 0:00:13]} 6. Bc4 {[%emt 0:09:57]} Bg7 {[%emt 0:00:45]} 7. O-O {[%emt 0:00:52]} O-O {[%emt 0:00:04]} 8. Re1 {[%emt 0:02:55]} a6 {[%emt 0:00:46]} 9. a4 {[%emt 0:03:30]} Nc6 {[%emt 0:01:59]} 10. h3 {[%emt 0:17:43]} b6 {[%emt 0:04:47]} 11. Bg5 {[%emt 0:09:49]} Bb7 {[%emt 0:04:51]} 12. Qd2 {[%emt 0:02:42]} e6 {[%emt 0:28:24]} 13. Rad1 {[%emt 0:03:19]} Ne7 {[%emt 0:01:58]} 14. Ne5 {[%emt 0:17:05]} Nf5 {[%emt 0:04:15]} 15. Ng4 {[%emt 0:03:02]} h5 {[%emt 0:04:17]} 16. Ne5 {[%emt 0:00:09]} Nd6 {[%emt 0:04:09]} 17. Bb3 {[%emt 0:02:45]} b5 {[%emt 0:10:18]} 18. axb5 {[%emt 0:03:15]} axb5 {[%emt 0:05:20]} 19. Qf4 {[%emt 0:00:12]} Kh7 {[%emt 0:05:45]} 20. f3 {[%emt 0:03:57]} b4 {[%emt 0:02:12]} 21. Ne4 {[%emt 0:00:32]} Bxe4 {[%emt 0:02:57]} 22. fxe4 {[%emt 0:00:15]} Nde8 {[%emt 0:00:04]} 23. d5 {[%emt 0:03:57]} exd5 {[%emt 0:01:56]} 24. Bxd5 {[%emt 0:00:18]} Nxd5 {[%emt 0:00:46]} 25. Rxd5 {[%emt 0:00:06]} Bxe5 {[%emt 0:01:09]} 26. Qxe5 {[%emt 0:00:52]} Qb8 {[%emt 0:02:39]} 27. Be7 {[%emt 0:05:22]} f6 {[%emt 0:00:29]} 28. Qe6 {[%emt 0:00:59]} Ng7 {[%emt 0:00:10]} 29. Qc6 {[%emt 0:00:35]} Rf7 {[%emt 0:01:49]} 30. Rd8 {[%emt 0:01:54]} Qa7+ {[%emt 0:00:48]} 31. Bc5 {[%emt 0:00:07]} 1-0

[Event "Paracin Open 2020"]
[Site "Paracin"]
[Date "2020.07.08"]
[Round "7.5"]
[White "Stankovic, Milos"]
[Black "Damjanovic, Vuk"]
[Result "1/2-1/2"]
[WhiteElo "2454"]
[BlackElo "2208"]
[Annotator "TA"]
[PlyCount "36"]
[EventDate "2020.07.03"]
[EventType "swiss"]
[EventCountry "SRB"]
[SourceTitle "playchess.com"]
[Source "ChessBase"]
[SourceQuality "1"]

{[%evp 10,36,8,0,21,0,85,0,8,0,0,0,0,-45,-42,-20,-20,-27,-31,-45,0,4,194,-36,0,0,170,-33,0]} 1. e4 d5 2. exd5 Qxd5 3. Nf3 Bg4 4. Be2 Nc6 5. d4 O-O-O 6. c4 Qf5 {B01: Scandinavian Defence.} 7. Be3 e6 (7... Bxf3 $1 $11 8. Bxf3 Nxd4 9. Bxd4 Qe6+ {[%mdl 64] Double Attack} 10. Be2 c5) 8. Nc3 {[#]} (8. O-O $16) 8... Bc5 $146 {The position is equal.} ({Predecessor:} 8... Bxf3 9. Bxf3 Nxd4 10. Bxd4 Bc5 11. Qb3 Bxd4 12. Qxb7+ Kd7 13. Bc6+ Kd6 14. Ne4+ {1-0 (15) Suarez Uriel,A (2241)-Sakulski,B (2052) Benidorm 2012}) 9. Qb3 Bxf3 $1 ({Much worse is} 9... Bxd4 $6 10. Nxd4 Rxd4 11. f3 $16) 10. Bxf3 Bxd4 11. Bxd4 (11. Bxc6 $5 bxc6 12. Rd1 Bxc3+ 13. bxc3 $11) 11... Rxd4 12. Bxc6 bxc6 13. O-O $1 Qc5 14. Ne2 Rd2 (14... Re4 $5 {[%cal Re4e2]} 15. Qf3 Nf6 $15) 15. Nc1 {aiming for Qc3.} Rd4 $2 {[#]} (15... Nf6 $11 {and Black is okay.}) 16. Ne2 $2 (16. Qg3 $1 $18 Qf8 17. Qe3) 16... Rd2 $2 (16... Re4 $15 {stays ahead.} 17. Qf3 Nf6) 17. Nc1 $18 Rd4 {[#]} 18. Ne2 $2 (18. Qg3 $1 $18 Rd8 19. Qxg7) 18... Rd2 {Accuracy: White = 55%, Black = 57%.} 1/2-1/2

[Event "Paracin Open 2020"]
[Site "Paracin"]
[Date "2020.07.08"]
[Round "7.6"]
[White "Kosic, Dragan"]
[Black "Aleksic, Neven"]
[Result "1-0"]
[WhiteElo "2429"]
[BlackElo "2169"]
[Annotator "TA"]
[PlyCount "83"]
[EventDate "2020.07.03"]
[EventType "swiss"]
[EventCountry "SRB"]
[SourceTitle "playchess.com"]
[Source "ChessBase"]
[SourceQuality "1"]

{[%evp 11,83,33,23,22,50,51,56,18,54,58,51,41,63,53,65,56,60,53,83,85,85,83,93,81,87,85,92,66,61,43,63,54,106,92,102,94,96,105,98,96,106,106,89,99,109,116,118,101,137,135,130,124,132,146,137,144,202,212,206,208,194,192,295,260,336,315,442,440,484,566,1070,1038,884,846]} 1. d4 Nf6 2. c4 e6 3. Nf3 Bb4+ 4. Nc3 O-O 5. Bg5 d5 6. e3 h6 7. Bh4 {D38: Queen's Gambit Declined: Ragozin Defence (4 Nf3 Bb4).} b6 8. cxd5 exd5 9. Qb3 {White is slightly better.} Bxc3+ 10. Qxc3 c6 11. Bd3 Bb7 12. O-O Qd6 13. Rac1 Nbd7 14. Ne5 {[#]} Ne4 $146 ({Predecessor:} 14... Rac8 15. Bf5 Rcd8 16. Nxd7 Nxd7 17. Bxd8 Rxd8 18. b4 Nf6 19. b5 cxb5 20. Qc7 Qxc7 21. Rxc7 {1-0 (56) Fedoseev,V (2674)-Abramov,N (2263) St Petersburg 2015}) 15. Bxe4 $1 dxe4 16. Nxc6 Rfe8 {With the idea ...Rac8.} 17. Rfd1 Rac8 {[%cal Rc8c6]} 18. d5 Nc5 {[#] Hoping for ...Nd3.} 19. Bg3 Qd7 $1 {aiming for ...Nd3.} 20. Ne5 Qb5 {...Nd3! is the strong threat.} 21. Qd4 Red8 {Black is on the road to losing.} ({Black should play} 21... f6 $14 22. Ng6 Nd3 23. Rxc8 Bxc8) 22. d6 $16 Ne6 23. Qd2 $36 {[%mdl 2048] White is on the roll.} Rxc1 24. Rxc1 Qd5 25. Qxd5 Bxd5 26. Nc6 Bxc6 27. Rxc6 {[%mdl 4096] Endgame KRB-KRN} f6 28. h4 h5 29. b4 Rd7 30. f3 exf3 31. gxf3 Kf7 32. Kf2 Nd8 33. Rc8 Ke6 (33... Nb7 $16 {might work better.} 34. Ra8 a5) 34. e4 $18 Nb7 35. Re8+ Kf7 36. Ra8 Nd8 (36... a5 $142 37. Ra6 axb4) 37. b5 g6 38. Ke3 Ne6 (38... Ke6 {was worth a try.} 39. f4 Nb7) 39. f4 {White is clearly winning.} Nc5 40. f5 Na4 41. Kd4 Nc5 42. Kd5 {Accuracy: White = 93%, Black = 56%.} 1-0

[Event "Paracin Open 2020"]
[Site "Paracin"]
[Date "2020.07.08"]
[Round "7.7"]
[White "Sredojevic, Ivan"]
[Black "Martic, Ivan"]
[Result "1-0"]
[WhiteElo "2239"]
[BlackElo "2386"]
[Annotator "TA"]
[PlyCount "63"]
[EventDate "2020.07.03"]
[EventType "swiss"]
[EventCountry "SRB"]
[SourceTitle "playchess.com"]
[Source "ChessBase"]
[SourceQuality "1"]

{[%evp 25,63,0,26,21,37,15,29,-52,-45,-78,-79,-68,-76,-87,0,0,0,0,73,72,449,434,417,406,422,347,321,85,97,97,795,813,797,794,797,792,879,867,823,791]} 1. e4 c6 2. Nc3 d5 3. d4 dxe4 4. Nxe4 Bf5 5. Ng3 Bg6 6. Nf3 Nf6 7. h4 h6 8. h5 Bh7 9. Bd3 Bxd3 10. Qxd3 e6 11. Bd2 Be7 12. O-O-O O-O 13. Qe2 Nbd7 14. Nf1 $1 {[%mdl 4] is now more promising than 14.Ne5. 14.Kb1 is vanishing. B19: Classical Caro-Kann: 4...Bf5 main line.} c5 {[#]} 15. g4 $1 {[%mdl 512]} cxd4 (15... Nxg4 $6 16. Rg1 $16) 16. Nxd4 (16. g5 $1 $11) 16... Qb6 {[#]} 17. Be3 $146 ({Predecessor:} 17. Nb3 a5 18. Be3 Qc6 19. Ng3 Nd5 20. Nd4 Qa4 21. Kb1 Nc5 22. Bc1 Qb4 23. Ka1 {0-1 (68) Jerie,S (2090)-Wenninger,P (2391) Karlsruhe 2019}) 17... Nd5 18. Nf5 Bc5 $1 19. g5 exf5 (19... hxg5 $17 20. h6 g6 21. Ne7+ Nxe7 22. Rxd7 Qc6 {[%mdl 64] Double Attack}) 20. Rxd5 $11 {[%mdl 64] Double Attack} Qc6 21. Qf3 {Black must now prevent gxh6.} Rac8 (21... Ne5 $11 22. Qd1 Bb6) 22. Rg1 {Hoping for gxh6.} Ba3 $2 {[%mdl 8192]} (22... f4 $16 {is a better chance.} 23. Bxc5 Nxc5) 23. Qxf5 $18 Ne5 {[#]} 24. gxh6 $1 {[%mdl 512]} g6 25. hxg6 ({Not} 25. Rxe5 Bxb2+ 26. Kd1 (26. Kxb2 Qc3+ 27. Kc1 Qe1+ 28. Kb2 Qb4+ 29. Kc1 Qe1+ 30. Kb2 Qc3+ 31. Kc1 Qe1+ $11) 26... Kh8 $18) 25... fxg6 {[#]} 26. h7+ $2 (26. Qe4 $1 $18 {is the precise move to win.} Bxb2+ 27. Kb1) 26... Kxh7 $16 27. Qe4 $40 {[%mdl 128] White is out for blood.} Rfd8 $2 {[%mdl 8192]} (27... Bxb2+ $16 28. Kb1 (28. Kxb2 Qc3+ 29. Kb1 Qe1+ 30. Rd1 Qxd1+ 31. Bc1 Rf4 $15 {[%mdl 64] Pin}) 28... Bc3) 28. Qh4+ $18 {White is clearly winning.} Kg7 29. Bh6+ Kf7 30. Qf4+ {[%mdl 64] Double Attack} Kg8 31. Rxd8+ Rxd8 32. Qxe5 {Accuracy: White = 68%, Black = 49%.} 1-0

[Event "Paracin Open 2020"]
[Site "Paracin"]
[Date "2020.07.08"]
[Round "7.8"]
[White "Abramovic, Bosko"]
[Black "Sahin, Ozgun"]
[Result "0-1"]
[WhiteElo "2351"]
[BlackElo "2220"]
[Annotator "TA"]
[PlyCount "156"]
[EventDate "2020.07.03"]
[EventType "swiss"]
[EventCountry "SRB"]
[SourceTitle "playchess.com"]
[Source "ChessBase"]
[SourceQuality "1"]

{[%evp 19,156,41,40,19,22,11,37,45,43,38,47,12,38,31,44,20,31,-4,-6,-3,50,37,63,51,73,63,87,86,79,79,76,34,60,60,139,134,126,136,131,128,149,156,144,156,172,171,162,150,264,264,245,255,236,235,236,232,214,45,45,14,14,14,79,0,18,18,20,9,8,13,32,39,31,6,0,-3,-5,-8,-5,-22,-27,-31,0,-15,0,0,16,-16,-14,-41,-52,-75,-77,-130,-114,-110,-116,-124,-122,-167,-97,-132,-132,-176,-118,-111,-88,-166,-109,-137,-142,-246,-225,-222,-237,-187,-73,-100,-80,-312,-316,-417,-421,-420,-421,-404,-418,-469,-475,-700,-449,-437,-325,-751,-656,-688,-579,-29997,-29998]} 1. c4 c5 2. Nf3 Nc6 3. g3 g6 4. d4 cxd4 5. Nxd4 Bg7 6. Nc2 Nf6 7. Bg2 O-O 8. O-O d6 9. Nc3 Bd7 10. b3 Qa5 11. Nb5 {A38: Symmetrical English vs ...g6: 4 Bg2 Bg7 5 Nf3 Nf6.} a6 12. Bd2 Qb6 (12... Qd8 $5 {[%cal Ra6b5]} 13. Nc3 Re8 $11) 13. Nc3 {[#] White is slightly better.} Qc5 $146 ({Predecessor:} 13... Ne5 14. h3 Bc6 15. e4 h5 16. Rc1 Kh7 17. Be3 Qd8 18. f4 Ned7 19. Nd4 Bh6 {1-0 (37) Csom,I-Jurado Olot 1975}) 14. Na4 Qh5 15. e4 Bg4 16. f3 Bh3 17. Nb6 {Hoping for Bxh3.} Rad8 18. Bxh3 Qxh3 19. Rc1 Nh5 (19... e6 $11) 20. Qe2 $14 Nd4 21. Qg2 Qxg2+ 22. Kxg2 Nxc2 23. Rxc2 Bd4 24. Nd5 e6 25. Bc3 (25. Nc3 {feels hotter.} Rc8 26. Rd1 Bc5 27. Na4 Ba3 28. Ba5) 25... Bxc3 26. Nxc3 Nf6 ({Black should play} 26... Rfe8 $14) 27. Rd1 $16 Rd7 28. Rcd2 Rfd8 29. Na4 Ne8 30. c5 Kf8 31. b4 Ke7 {intending ...dxc5.} 32. Nb6 Rc7 33. Nc4 Rcd7 (33... d5 $16 34. exd5 Rxd5) 34. cxd6+ $1 $18 Nxd6 35. Nb6 $1 Rc7 36. e5 Nc8 {White must now prevent ...Rxd2+.} 37. Rxd8 Nxb6 {[%mdl 4096] Endgame KRR-KRN} 38. R1d4 $2 (38. Rh8 $18 {aiming for Rdd8.} Rc2+ 39. Kg1) 38... Nd7 $1 $14 39. Rh8 Rc2+ 40. Kf1 {Threatens to win with f4.} Nxe5 41. Rxh7 ({White should try} 41. Rb8 $16) 41... Nxf3 42. Rf4 Ne5 43. a4 g5 44. Re4 Nf3 {Strongly threatening ...Nd2+.} 45. Re2 Rc4 46. h3 Rxb4 47. Kg2 Nd4 48. Rf2 Nf5 49. g4 Nd6 50. Ra2 Nc4 51. Rg7 Kf6 52. Rg8 Nb2 53. Rc8 Nd3 54. Rc3 Nf4+ 55. Kg3 {[#]} Rxa4 $1 {[%mdl 512]} 56. Rf2 (56. Rxa4 $142 Ne2+ {[%mdl 64] Double Attack} 57. Kf3 Nxc3 58. Ra5) 56... Rb4 57. h4 gxh4+ 58. Kxh4 Kg6 59. Rc7 e5 (59... a5 $19 60. Kg3 e5) 60. Re7 f6 61. Kg3 Rb3+ (61... a5 $19 62. Rd2 Kg5) 62. Rf3 $17 Rb1 63. Rf2 (63. Ra3 $17 {is a better defense.}) 63... b5 ({Better is} 63... a5 $19 64. Rd2 Rb3+ 65. Kf2 Nh3+ 66. Ke2 a4) 64. Ra7 Ra1 $1 65. Rd2 (65. Rc2 $17) 65... Ra3+ $19 66. Kf2 Nd3+ $1 67. Ke2 {[#]} Nc5 (67... e4 $1 $19 {is more deadly. ...Nf4+ is the strong threat.} 68. Ke3 {[#]} Nf2+ $1 {[%mdl 512]} 69. Ke2 Nxg4) 68. Rd8 Kg5 69. Rg8+ $2 (69. Rd6 $17) 69... Kf4 70. g5 fxg5 71. Rf7+ Ke4 72. Rxg5 Ra2+ 73. Kd1 b4 {[%cal Bb5b4,Bb4b3][%mdl 32]} 74. Rc7 (74. Rf8 $142 b3 75. Kc1) 74... Kd4 75. Rg6 Ne4 76. Rg4 $2 (76. Kc1) 76... Ke3 77. Kc1 b3 78. Rb7 Rc2+ {Quite a comeback for Black. Accuracy: White = 52%, Black = 71%.} 0-1